| 000 | 00853nam a2200253 i 4500 | ||
|---|---|---|---|
| 001 | bg | ||
| 100 | 1 |
_aJASSEM, Marek _d(1926-2004) |
|
| 245 | 1 | 0 |
_aHodowla roślin : _bpodręcznik dla studentów rolnictwa / _cMarek Jassem. |
| 250 | _aWyd. 4 popr. i uzup. | ||
| 260 |
_aBydgoszcz : _bWydawnictwa Uczelniane Akademii Techniczno-Rolniczej, _c1999. |
||
| 300 |
_a127, [1] s. : _brys. ; _c24 cm. |
||
| 504 | _aBibliogr. | ||
| 650 | 9 |
_aRośliny uprawne _xgenetyka |
|
| 650 | 9 | _aRozmnażanie roślin | |
| 650 | 9 | _aKrzyżowanie roślin | |
| 020 | _a8387274763 | ||
| 040 | _cBPK | ||
| 041 | 0 | _apol | |
| 080 | _a631.52/.53:575](075.8) | ||
| 920 | _a83-87274-76-3 | ||
| 942 | _cKS | ||
| 008 | s pl f |000 0 pol | ||
| 999 |
_c52121 _d52121 |
||
| 856 |
_uhttp://koha.tu.koszalin.pl/cgi-bin/koha/opac-detail.pl?biblionumber=52121 _yKatalog online BPK |
||